| 000 | 00713nam a2200241Ia 4500 | ||
|---|---|---|---|
| 003 | OSt | ||
| 005 | 20220916110942.0 | ||
| 006 | a|||||r|||| 00| 0 | ||
| 007 | ta | ||
| 008 | 220915b |||||||| |||| 00| 0 eng d | ||
| 024 | _a28326 | ||
| 037 | _cTextbook | ||
| 040 |
_beng _aARTS _cARTS |
||
| 041 | _aeng | ||
| 082 | _aO111,1M09x, L1 (TTO) | ||
| 100 | _aTennyson Alfred | ||
| 245 | 0 | _aTennyson poetry : authoritative texts Juvenila and early responses criticism ed by Robert W Hill | |
| 260 |
_aNew York _bW W Horton USA |
||
| 300 |
_axiii,684p. _ccm. |
||
| 650 | _aENGLISH LITERATURE | ||
| 942 |
_hO111,1M09x, L1 (TTO) _cTB _2CC |
||
| 999 |
_c102116 _d102116 |
||